| 000 | 00549nam a2200181 4500 | ||
|---|---|---|---|
| 001 | 148444 | ||
| 003 | ES-MaACL | ||
| 005 | 20230906202633.0 | ||
| 007 | t| | ||
| 008 | 070214s1936 ag r ||||1| spa d | ||
| 100 | 1 |
_aStravinsky, Igor. _9139612 |
|
| 245 | 1 | 0 |
_aNuevas crónicas de mi vida / _cIgor Strawinsky ; [traducción de Leopoldo Hurtado]. |
| 260 |
_aBuenos Aires : _bSur, _c1936 ( _fImp. López) |
||
| 300 |
_a161 p. ; _c19 cm. |
||
| 600 | 1 | 4 |
_aStravinsky, Igor. _9139612 |
| 700 | 1 |
_aHurtado, Leopoldo. _964782 |
|
| 852 |
_aES-MaACL _jE-1142 |
||
| 999 |
_c148444 _d148444 |
||